Diagnosis and treatment of human Mycoses /

Bibliographic Details
Corporate Author: SpringerLink (Online service)
Other Authors: Hospenthal, Duane R., Rinaldi, Michael G.
Format: eBook
Language:English
Published: Totowa, N.J. : Humana Press, [2008]
Series:Infectious disease (Totowa, N.J.)
Subjects:
Online Access:Connect to the full text of this electronic book
Publisher description

MARC

Tag First Indicator Second Indicator Subfields
LEADER 00000cam a2200000Ia 4500
001 in00002473621
005 20210727074139.0
006 m d
007 cr cn|||||||||
008 080715s2007 njuaf sb 001 0 eng d
020 |a 1597453250 
020 |a 9781597453257 
035 |a (OCoLC)233972842 
035 |a (OCoLC)ocn233972842 
035 |a 3068102 
037 |a 978-1-58829-822-5  |b Springer  |n http://www.springerlink.com 
040 |a GW5XE  |c GW5XE  |d UtOrBLW 
049 |a TEFA 
050 1 4 |a RC117  |b .D433 2007eb 
060 1 4 |a 2008 B-773 
060 1 4 |a WC 450  |b D5356 2008 
082 0 4 |a 616.969  |2 22 
245 0 0 |a Diagnosis and treatment of human Mycoses /  |c edited by Duane R. Hospenthal, Micheal G. Rinaldi. 
264 1 |a Totowa, N.J. :  |b Humana Press,  |c [2008] 
264 4 |c ©2008 
300 |a xv, 428 pages, 8 unnumbered pages of plates :  |b illustrations + e 1 CD-ROM (4 3/4 in.). 
336 |a text  |b txt  |2 rdacontent 
337 |a computer  |b c  |2 rdamedia 
338 |a online resource  |b cr  |2 rdacarrier 
490 1 |a Infectious disease 
500 |a Electronic resource. 
504 |a Includes bibliographical references and index. 
505 0 |a Part I. Approach to patients. Approach to patients with suspected fungal infections / Clinton K. Murray and Duane R. Hospenthal -- Part II. Laboratory and radiological diagnosis. Basic mycology / Deanna A. Sutton -- Diagnostic histopathology / Michael B. Smith and Michael R. McGinnis -- Diagnostic immunology / Samit S. Desai and Brian Wong -- Diagnostic radiology / Maria Angela C. Hospenthal and Constanza J. Gutierrez -- Part III. Antifungal agents. Antifungal agents / Russel E. Lewis and Annette W. Fothergill -- Part IV. Mycoses. Cadidiasis / Jack D. Sobel -- Infection due to non-candidal yeasts /Jose A. Vazquez -- Aspergillosis / Helen W. Boucher and Thomas F. Patterson -- Hyalophomycosis infection due to hyaline moulds / Rhonda V. Fleming and Elias J. Anaissie -- Phaeohyphomycosis infection due to dark (dematiaceous) moulds / Sanjay G. Revankar -- Zygomycosis (mucormycosis) / Charalampos Antachopoulos, Juan C. Gea-Banacloche, and Thomas J. Walsh -- Pneumocystosis / Francis Gigliotti and Terry W. Wright -- Cryptococcosis / Mathee Chayakulkeeree and John R. Perfect -- Blastomycosis / Stanley W. Champan and Donna C. Sullivan -- Coccidioidomycosis / Royce H. Johnson and Chehla Baqi -- Histoplasmosis / L. Joseph Wheat and Nicholas G. Conger -- Paraccocidiodoycosis / Angela Restrepo, Angela M. Tobón, and Carlos A. Agudelo -- Sporotrichosis / Carol A. Kauffman -- Dermatophytosis (tinea) and other superficial fungal infections / Aditya K. Gupta and Elizabeth A. Cooper -- Subcutaneous fungal infections (chromoblastomycossi, mycetoma, and lobomycosis) / Michael B. Smith and Michael R. McGinnis 
533 |a Electronic reproduction.  |b New York :  |c Springer,  |d 2008.  |n Mode of access: World Wide Web.  |n System requirements: Web browser.  |n Title from title screen (viewed on June 27, 2008).  |n Access may be restricted to users at subscribing institutions. 
650 1 2 |a Mycoses  |x diagnosis.  |0 https://id.nlm.nih.gov/mesh/D009181Q000175 
650 1 2 |a Mycoses  |x therapy.  |0 https://id.nlm.nih.gov/mesh/D009181Q000628 
650 0 |a Medical mycology.  |0 http://id.loc.gov/authorities/subjects/sh85082976 
650 0 |a Mycoses  |x Diagnosis. 
650 0 |a Mycoses  |x Treatment. 
655 7 |a Electronic books.  |2 local 
700 1 |a Hospenthal, Duane R.  |0 http://id.loc.gov/authorities/names/n2008180964 
700 1 |a Rinaldi, Michael G.  |0 http://id.loc.gov/authorities/names/n97801323 
710 2 |a SpringerLink (Online service)  |0 http://id.loc.gov/authorities/names/no2005046756 
776 1 |c Original  |z 9781588298225  |z 1588298221  |z 9781597453257  |z 1597453250  |w (DLC) 2007929353  |w (OCoLC)209341554 
830 0 |a Infectious disease (Totowa, N.J.)  |0 http://id.loc.gov/authorities/names/n99803805 
856 4 0 |u http://proxy.library.tamu.edu/login?url=https://dx.doi.org/10.1007/978-1-59745-325-7  |z Connect to the full text of this electronic book  |t 0 
856 4 2 |3 Publisher description  |u http://www.loc.gov/catdir/enhancements/fy0825/2007929353-d.html  |t 0 
994 |a C0  |b TEF 
999 |a MARS 
999 f f |s 3e770596-b635-30f9-8126-ce224a3bfdb0  |i 5da03df3-fdfc-3b71-a1f2-5dcf9b58e625  |t 0 
952 f f |a Texas A&M University  |b College Station  |c Electronic Resources  |d Available Online  |t 0  |e RC117 .D433 2007eb  |h Library of Congress classification 
998 f f |a RC117 .D433 2007eb  |t 0  |l Available Online